000 00892nam a2200253 a 4500
001 65906
003 BD-RjUL
005 20211209081500.0
008 170313s1964 nyuab b 100 0 eng d
035 _a(BD-RjUL)66036
040 _aBD-RjUL
_cBD-RjUL
_dBD-RjUL
_beng
041 _aeng
082 0 0 _a577.6
_223
_bALG 1964
111 2 _aNATO Advanced Study Institute
_d(1962 :
_cLouisville, Ky.)
_9194902
245 1 0 _aAlgae and man :
_bbased on lectures presented at the NATO Advanced Study Institute, July 22-August 11, 1962, Louiville, Kentucky /
_cEdited by Daniel F. Jackson.
260 _aNew York :
_bPlenum Press,
_c1964.
300 _ax, 434 p. :
_bill. ;
_c24 cm.
504 _aIncludes bibliographies.
650 0 _aAquatic biology
_9194903
650 0 _aAlgae
_9194904
650 0 _aAlgae
_xEconomic aspects.
_9194905
700 1 _aJackson, Daniel F.,
_eed.
_9194906
942 _2ddc
_cBK
999 _c65906
_d65906